[Event "Portugal Open 2018"]
[Site "Lisboa POR"]
[Date "2018.02.08"]
[Round "7.16"]
[White "Kaczur, Florian"]
[Black "Dahlgren, James Allen"]
[Result "1/2-1/2"]
[BlackElo "1809"]
[WhiteElo "2459"]
[LiveChessVersion "1.4.8"]

1. e4 {[%clk 1:30:56]} c5 {[%clk 1:30:50]} 2. Nf3 {[%clk 1:31:20]} g6
{[%clk 1:31:12]} 3. d4 {[%clk 1:31:27]} cxd4 {[%clk 1:31:35]} 4. Qxd4
{[%clk 1:30:32]} Nf6 {[%clk 1:31:56]} 5. Nc3 {[%clk 1:30:32]} Nc6
{[%clk 1:31:55]} 6. Qa4 {[%clk 1:30:40]} Qc7 {[%clk 1:27:23]} 7. Nb5
{[%clk 1:17:14]} Qb8 {[%clk 1:27:35]} 8. e5 {[%clk 1:15:57]} Nd5 {[%clk 1:22:06]}
9. Qe4 {[%clk 1:13:04]} Nc7 {[%clk 1:20:09]} 10. Bf4 {[%clk 1:10:10]} Ne6
{[%clk 1:17:34]} 11. Bg3 {[%clk 1:09:56]} Bg7 {[%clk 1:15:47]} 12. O-O-O
{[%clk 1:08:21]} a6 {[%clk 1:07:26]} 13. Nc3 {[%clk 1:08:41]} O-O
{[%clk 1:05:32]} 14. Nd5 {[%clk 1:07:46]} b5 {[%clk 1:00:26]} 15. Qh4
{[%clk 1:04:20]} Re8 {[%clk 0:54:16]} 16. Nf6+ {[%clk 1:03:10]} exf6
{[%clk 0:52:14]} 17. exf6 {[%clk 1:03:32]} Qb6 {[%clk 0:49:48]} 18. fxg7
{[%clk 1:03:55]} Qd8 {[%clk 0:43:08]} 19. Qh6 {[%clk 1:00:46]} Qf6
{[%clk 0:41:41]} 20. h4 {[%clk 0:59:00]} Qxg7 {[%clk 0:40:55]} 21. Qd2
{[%clk 0:59:23]} Nc5 {[%clk 0:36:40]} 22. Bd3 {[%clk 0:50:47]} d5
{[%clk 0:33:14]} 23. h5 {[%clk 0:50:29]} Nxd3+ {[%clk 0:25:43]} 24. cxd3
{[%clk 0:50:53]} Bg4 {[%clk 0:21:00]} 25. hxg6 {[%clk 0:49:13]} hxg6
{[%clk 0:19:40]} 26. Kb1 {[%clk 0:49:10]} Nd4 {[%clk 0:17:33]} 27. Rde1
{[%clk 0:30:10]} Nxf3 {[%clk 0:13:30]} 28. gxf3 {[%clk 0:30:33]} Bxf3
{[%clk 0:13:15]} 29. Rhg1 {[%clk 0:30:53]} Qd4 {[%clk 0:10:24]} 30. Re3
{[%clk 0:31:09]} Bg4 {[%clk 0:08:17]} 31. Rge1 {[%clk 0:31:25]} Rxe3
{[%clk 0:05:21]} 32. fxe3 {[%clk 0:31:49]} Qf6 {[%clk 0:03:58]} 33. Bf4
{[%clk 0:30:44]} Re8 {[%clk 0:03:35]} 34. Rh1 {[%clk 0:29:48]} Qf5
{[%clk 0:03:13]} 35. a3 {[%clk 0:29:24]} Bh5 {[%clk 0:02:09]} 36. Rg1
{[%clk 0:29:25]} Qh3 {[%clk 0:01:58]} 37. Qc3 {[%clk 0:28:42]} Qe6
{[%clk 0:01:36]} 38. Qd4 {[%clk 0:28:03]} Rc8 {[%clk 0:00:59]} 39. Rg5
{[%clk 0:26:09]} Bf3 {[%clk 0:00:38]} 40. Rg1 {[%clk 0:26:08]} Qc6
{[%clk 0:00:38]} 41. Bh6 {[%clk 0:25:36]} f6 {[%clk 0:00:34]} 42. Rxg6+
{[%clk 0:24:44]} Kh7 {[%clk 0:00:52]} 43. Rg1 {[%clk 0:23:30]} Kxh6
{[%clk 0:00:00]} 1/2-1/2

[Event "Portugal Open 2018"]
[Site "Lisboa POR"]
[Date "2018.02.08"]
[Round "7.17"]
[White "Koziol, Kamil"]
[Black "Nayhebaver, Martin"]
[Result "0-1"]
[BlackElo "2456"]
[WhiteElo "2257"]
[LiveChessVersion "1.4.8"]

1. e4 {[%clk 1:29:03]} c5 {[%clk 1:30:35]} 2. Nf3 {[%clk 1:29:25]} d6
{[%clk 1:30:37]} 3. d4 {[%clk 1:29:48]} cxd4 {[%clk 1:31:01]} 4. Nxd4
{[%clk 1:30:14]} Nf6 {[%clk 1:30:58]} 5. f3 {[%clk 1:30:28]} e5 {[%clk 1:28:14]}
6. Nb3 {[%clk 1:30:46]} d5 {[%clk 1:28:01]} 7. Bg5 {[%clk 1:30:58]} d4
{[%clk 1:27:06]} 8. c3 {[%clk 1:29:46]} Nc6 {[%clk 1:24:52]} 9. Bb5
{[%clk 1:29:30]} h6 {[%clk 1:22:28]} 10. Bxc6+ {[%clk 1:19:53]} bxc6
{[%clk 1:22:48]} 11. Bxf6 {[%clk 1:20:19]} Qxf6 {[%clk 1:20:52]} 12. cxd4
{[%clk 1:20:32]} Ba6 {[%clk 0:58:08]} 13. dxe5 {[%clk 1:04:46]} Qxe5
{[%clk 0:56:55]} 14. Qd4 {[%clk 0:57:48]} Qxd4 {[%clk 0:52:20]} 15. Nxd4
{[%clk 0:58:02]} Rb8 {[%clk 0:52:43]} 16. Nb3 {[%clk 0:32:27]} c5
{[%clk 0:52:29]} 17. Nc3 {[%clk 0:23:06]} c4 {[%clk 0:51:29]} 18. Nd4
{[%clk 0:19:24]} Rxb2 {[%clk 0:50:16]} 19. Nde2 {[%clk 0:14:42]} Bb4
{[%clk 0:35:03]} 20. O-O {[%clk 0:14:56]} O-O {[%clk 0:34:24]} 21. Rfb1
{[%clk 0:11:02]} Bc5+ {[%clk 0:32:58]} 22. Kf1 {[%clk 0:10:16]} Rd2
{[%clk 0:33:00]} 23. Rd1 {[%clk 0:08:44]} Rd3 {[%clk 0:33:25]} 24. Nd5
{[%clk 0:07:51]} f5 {[%clk 0:26:56]} 25. Nc7 {[%clk 0:03:13]} Bc8
{[%clk 0:27:24]} 26. Rdc1 {[%clk 0:02:02]} fxe4 {[%clk 0:25:32]} 27. Rxc4
{[%clk 0:02:19]} Bb6 {[%clk 0:25:30]} 28. f4 {[%clk 0:01:57]} Rd2
{[%clk 0:22:31]} 29. Nb5 {[%clk 0:01:38]} Rfd8 {[%clk 0:19:05]} 30. Ke1
{[%clk 0:00:37]} e3 {[%clk 0:18:49]} 31. a4 {[%clk 0:00:42]} Bg4 {[%clk 0:18:30]}
32. Nbc3 {[%clk 0:00:42]} Ba5 {[%clk 0:18:49]} 33. Kf1 {[%clk 0:00:45]} Bxe2+
{[%clk 0:19:11]} 0-1

[Event "Portugal Open 2018"]
[Site "Lisboa POR"]
[Date "2018.02.08"]
[Round "7.18"]
[White "Sandalakis, Angelos"]
[Black "Sterck, Arno"]
[Result "1/2-1/2"]
[BlackElo "2295"]
[WhiteElo "2448"]
[LiveChessVersion "1.4.8"]

1. d4 {[%clk 1:30:57]} d5 {[%clk 1:30:55]} 2. c4 {[%clk 1:31:19]} c6
{[%clk 1:31:22]} 3. cxd5 {[%clk 1:31:35]} cxd5 {[%clk 1:31:49]} 4. Bf4
{[%clk 1:31:57]} Nc6 {[%clk 1:32:13]} 5. e3 {[%clk 1:32:21]} Nf6 {[%clk 1:32:36]}
6. Nc3 {[%clk 1:32:46]} Bf5 {[%clk 1:32:57]} 7. Qb3 {[%clk 1:33:00]} Na5
{[%clk 1:33:23]} 8. Qa4+ {[%clk 1:33:23]} Bd7 {[%clk 1:33:43]} 9. Qc2
{[%clk 1:33:46]} e6 {[%clk 1:33:16]} 10. Nf3 {[%clk 1:33:54]} Rc8
{[%clk 1:33:22]} 11. Bd3 {[%clk 1:33:11]} Nc6 {[%clk 1:33:49]} 12. Qe2
{[%clk 1:31:06]} Be7 {[%clk 1:28:31]} 13. h3 {[%clk 1:30:27]} O-O
{[%clk 1:28:03]} 14. Rc1 {[%clk 1:30:40]} a6 {[%clk 1:26:40]} 15. O-O
{[%clk 1:30:42]} Be8 {[%clk 1:24:46]} 16. Bg3 {[%clk 1:11:19]} b5
{[%clk 1:16:33]} 17. Ne5 {[%clk 1:03:15]} Na5 {[%clk 1:02:07]} 18. f4
{[%clk 0:59:36]} Nc4 {[%clk 1:00:38]} 19. Bh4 {[%clk 0:50:18]} Nd6
{[%clk 0:57:21]} 20. Bxf6 {[%clk 0:47:53]} Bxf6 {[%clk 0:57:42]} 21. Nb1
{[%clk 0:48:13]} Be7 {[%clk 0:52:28]} 22. Qh5 {[%clk 0:41:18]} g6
{[%clk 0:51:53]} 23. Qe2 {[%clk 0:41:44]} f6 {[%clk 0:50:28]} 24. Nf3
{[%clk 0:42:08]} Ne4 {[%clk 0:50:23]} 25. Bxe4 {[%clk 0:41:42]} dxe4
{[%clk 0:50:46]} 26. Nfd2 {[%clk 0:42:05]} f5 {[%clk 0:49:19]} 27. Rxc8
{[%clk 0:40:47]} Qxc8 {[%clk 0:49:35]} 28. Nb3 {[%clk 0:41:15]} Qc4
{[%clk 0:43:02]} 29. Qxc4 {[%clk 0:28:38]} bxc4 {[%clk 0:43:26]} 30. Na5
{[%clk 0:29:04]} Bb5 {[%clk 0:43:43]} 31. Rc1 {[%clk 0:29:30]} Rb8
{[%clk 0:42:48]} 32. Nd2 {[%clk 0:29:49]} Bb4 {[%clk 0:42:33]} 33. Ndxc4
{[%clk 0:28:44]} Rc8 {[%clk 0:41:25]} 34. a4 {[%clk 0:29:08]} Bxa5
{[%clk 0:40:57]} 35. axb5 {[%clk 0:29:23]} axb5 {[%clk 0:41:07]} 36. Ra1
{[%clk 0:29:44]} bxc4 {[%clk 0:37:40]} 1/2-1/2

[Event "Portugal Open 2018"]
[Site "Lisboa POR"]
[Date "2018.02.08"]
[Round "7.19"]
[White "Borsos, Bogdan"]
[Black "Nevednichy, Vladislav"]
[Result "0-1"]
[BlackElo "2551"]
[WhiteElo "2301"]
[LiveChessVersion "1.4.8"]

1. d4 {[%clk 1:24:08]} Nf6 {[%clk 1:30:48]} 2. Bf4 {[%clk 1:24:32]} d5
{[%clk 1:30:21]} 3. e3 {[%clk 1:24:47]} e6 {[%clk 1:30:38]} 4. c4
{[%clk 1:24:44]} c5 {[%clk 1:22:27]} 5. dxc5 {[%clk 1:20:49]} Bxc5
{[%clk 1:20:26]} 6. Nf3 {[%clk 1:21:10]} Nc6 {[%clk 1:19:25]} 7. Nc3
{[%clk 1:21:14]} O-O {[%clk 1:15:56]} 8. cxd5 {[%clk 1:20:26]} Nxd5
{[%clk 1:15:14]} 9. Nxd5 {[%clk 1:20:05]} exd5 {[%clk 1:15:41]} 10. Bd3
{[%clk 1:19:28]} Bb4+ {[%clk 1:11:51]} 11. Ke2 {[%clk 1:18:40]} Qf6
{[%clk 0:59:16]} 12. Qb1 {[%clk 1:17:04]} Bg4 {[%clk 0:58:26]} 13. h3
{[%clk 1:17:07]} Bxf3+ {[%clk 0:55:31]} 14. gxf3 {[%clk 1:12:52]} Rfe8
{[%clk 0:52:30]} 15. Kf1 {[%clk 1:11:18]} g6 {[%clk 0:48:30]} 16. h4
{[%clk 1:10:05]} Bf8 {[%clk 0:42:13]} 17. Rh3 {[%clk 1:05:53]} d4
{[%clk 0:42:02]} 18. h5 {[%clk 0:59:57]} dxe3 {[%clk 0:41:26]} 19. Bxe3
{[%clk 1:00:09]} Bg7 {[%clk 0:37:28]} 20. hxg6 {[%clk 0:59:41]} hxg6
{[%clk 0:37:55]} 21. a3 {[%clk 0:59:00]} Ne5 {[%clk 0:35:52]} 22. Bb5
{[%clk 0:55:32]} Re7 {[%clk 0:33:27]} 23. Qd1 {[%clk 0:53:49]} a6
{[%clk 0:31:04]} 24. Be2 {[%clk 0:53:40]} Nc6 {[%clk 0:31:20]} 25. Rb1
{[%clk 0:48:07]} Rd8 {[%clk 0:27:59]} 26. Qa4 {[%clk 0:47:37]} Qe6 27. Ke1 0-1

[Event "Portugal Open 2018"]
[Site "Lisboa POR"]
[Date "2018.02.08"]
[Round "7.20"]
[White "Silva, David Miguel Da"]
[Black "Savanovic, Aleksandar"]
[Result "0-1"]
[BlackElo "2448"]
[WhiteElo "2283"]
[LiveChessVersion "1.4.8"]

1. e4 {[%clk 1:11:13]} e5 {[%clk 1:30:46]} 2. Nf3 {[%clk 1:08:06]} Nc6
{[%clk 1:31:07]} 3. d4 {[%clk 1:08:00]} exd4 {[%clk 1:31:22]} 4. Nxd4
{[%clk 1:08:27]} Bc5 {[%clk 1:31:40]} 5. Be3 {[%clk 1:08:48]} Qf6
{[%clk 1:31:10]} 6. c3 {[%clk 1:09:04]} Nge7 {[%clk 1:31:33]} 7. g3
{[%clk 1:09:23]} d5 {[%clk 1:28:26]} 8. Bg2 {[%clk 1:07:32]} dxe4
{[%clk 1:28:40]} 9. Nb5 {[%clk 1:07:56]} Bxe3 {[%clk 1:27:01]} 10. Nxc7+
{[%clk 1:08:12]} Kf8 {[%clk 1:27:27]} 11. fxe3 {[%clk 1:08:33]} Rb8
{[%clk 1:25:47]} 12. Nd5 {[%clk 1:07:27]} Qe5 {[%clk 1:22:00]} 13. Nxe7
{[%clk 1:07:09]} Kxe7 {[%clk 1:19:44]} 14. Qa4 {[%clk 1:05:30]} f5
{[%clk 1:18:31]} 15. Qa3+ {[%clk 1:02:16]} Qd6 {[%clk 1:15:08]} 16. Qxd6+
{[%clk 1:02:13]} Kxd6 {[%clk 1:15:32]} 17. Na3 {[%clk 1:02:37]} Be6
{[%clk 1:15:22]} 18. Nb5+ {[%clk 1:01:35]} Ke7 {[%clk 1:12:44]} 19. O-O
{[%clk 1:01:27]} Ne5 {[%clk 1:04:26]} 20. Nd4 {[%clk 0:59:12]} g6
{[%clk 1:04:45]} 21. b3 {[%clk 0:58:04]} h5 {[%clk 1:00:39]} 22. h4
{[%clk 0:55:14]} Rhd8 {[%clk 0:56:08]} 23. Kf2 {[%clk 0:49:00]} Rd7
{[%clk 0:42:46]} 24. Ke2 {[%clk 0:47:12]} b5 {[%clk 0:42:25]} 25. Rfd1
{[%clk 0:42:30]} a5 {[%clk 0:37:22]} 26. Nxe6 {[%clk 0:42:28]} Kxe6
{[%clk 0:34:31]} 27. Rd4 {[%clk 0:42:03]} Rc7 {[%clk 0:34:12]} 28. Rc1
{[%clk 0:40:19]} Rbc8 {[%clk 0:34:30]} 29. Bh3 {[%clk 0:36:56]} Rxc3
{[%clk 0:34:05]} 30. Rxc3 {[%clk 0:37:03]} Rxc3 {[%clk 0:34:27]} 31. Kd2
{[%clk 0:36:47]} b4 {[%clk 0:25:45]} 32. Rxe4 {[%clk 0:33:02]} Kf6
{[%clk 0:26:09]} 33. Rf4 {[%clk 0:33:16]} Nd3 {[%clk 0:25:36]} 34. Rd4
{[%clk 0:27:06]} Nc1 {[%clk 0:25:31]} 35. Rd6+ {[%clk 0:26:52]} Kg7
{[%clk 0:25:43]} 36. Rd7+ {[%clk 0:27:06]} Kf6 {[%clk 0:20:27]} 37. Rd6+
{[%clk 0:26:49]} Kf7 {[%clk 0:20:56]} 38. Rd7+ {[%clk 0:24:53]} Ke6
{[%clk 0:21:16]} 39. Ra7 {[%clk 0:25:11]} Nxa2 {[%clk 0:21:15]} 40. Bf1
{[%clk 0:25:07]} Nc1 {[%clk 0:20:48]} 41. Bc4+ {[%clk 0:25:29]} Kd6
{[%clk 0:19:26]} 42. Rxa5 {[%clk 0:24:35]} Nxb3+ {[%clk 0:19:12]} 43. Bxb3
{[%clk 0:24:57]} Rxb3 {[%clk 0:19:36]} 44. Ra6+ {[%clk 0:25:18]} Ke5
{[%clk 0:19:14]} 45. Rxg6 {[%clk 0:25:44]} Ke4 {[%clk 0:19:09]} 46. Re6+
{[%clk 0:24:51]} Kf3 {[%clk 0:19:12]} 47. Rf6 {[%clk 0:25:10]} Kxg3
{[%clk 0:19:22]} 48. Rxf5 {[%clk 0:25:34]} Kxh4 {[%clk 0:19:43]} 49. e4
{[%clk 0:25:48]} Kg4 {[%clk 0:17:31]} 50. Rf8 {[%clk 0:25:44]} Rc3
{[%clk 0:17:04]} 51. Rb8 {[%clk 0:26:02]} Kf4 {[%clk 0:13:41]} 52. Rxb4
{[%clk 0:26:10]} Re3 {[%clk 0:11:42]} 53. Rb5 {[%clk 0:25:15]} h4
{[%clk 0:10:43]} 54. Rf5+ {[%clk 0:25:16]} Kxe4 {[%clk 0:11:04]} 55. Re5+
{[%clk 0:25:44]} Kxe5 {[%clk 0:11:26]} 56. Kxe3 0-1

[Event "Portugal Open 2018"]
[Site "Lisboa POR"]
[Date "2018.02.08"]
[Round "7.21"]
[White "Rego, Pedro"]
[Black "Ortega Amarelle, Mariano"]
[Result "0-1"]
[BlackElo "2447"]
[WhiteElo "2292"]
[LiveChessVersion "1.4.8"]

1. Nf3 {[%clk 1:30:56]} c5 {[%clk 1:26:26]} 2. c4 {[%clk 1:31:13]} a6
{[%clk 1:18:19]} 3. e4 {[%clk 1:22:42]} e6 {[%clk 1:18:16]} 4. Nc3
{[%clk 1:22:55]} Qc7 {[%clk 1:16:53]} 5. g3 {[%clk 1:21:15]} Nc6 {[%clk 1:05:15]}
6. Bg2 {[%clk 1:21:25]} Nd4 {[%clk 1:05:02]} 7. O-O {[%clk 1:21:01]} Ne7
{[%clk 1:05:13]} 8. d3 {[%clk 1:19:33]} Nec6 {[%clk 1:01:37]} 9. Re1
{[%clk 1:19:40]} Be7 {[%clk 0:56:00]} 10. Bf4 {[%clk 1:13:06]} d6
{[%clk 0:54:34]} 11. a3 {[%clk 1:09:32]} O-O {[%clk 0:53:04]} 12. Rb1
{[%clk 1:07:34]} Bf6 {[%clk 0:46:38]} 13. Qd2 {[%clk 1:07:07]} Be5
{[%clk 0:38:18]} 14. b4 {[%clk 1:01:11]} Bxf4 {[%clk 0:33:39]} 15. Qxf4
{[%clk 0:56:20]} Nc2 {[%clk 0:28:34]} 16. Re2 {[%clk 0:21:19]} Nxa3
{[%clk 0:27:25]} 17. Rb3 {[%clk 0:20:32]} cxb4 {[%clk 0:27:33]} 18. c5
{[%clk 0:19:36]} e5 {[%clk 0:19:03]} 19. Nd5 {[%clk 0:18:44]} Qd8
{[%clk 0:18:50]} 20. Qe3 {[%clk 0:14:32]} Nb5 {[%clk 0:16:48]} 21. Ra2
{[%clk 0:12:26]} Be6 {[%clk 0:16:01]} 22. Ng5 {[%clk 0:12:42]} Nbd4
{[%clk 0:15:09]} 23. Rb1 {[%clk 0:11:42]} dxc5 {[%clk 0:15:12]} 24. Rc1
{[%clk 0:11:55]} h6 {[%clk 0:14:28]} 25. Nh3 {[%clk 0:12:16]} b6 {[%clk 0:13:40]}
26. f4 {[%clk 0:12:28]} Ne7 {[%clk 0:11:41]} 27. Rf2 {[%clk 0:08:59]} Nxd5
{[%clk 0:11:32]} 28. exd5 {[%clk 0:09:25]} Bxd5 {[%clk 0:11:54]} 29. Bxd5
{[%clk 0:09:38]} Qxd5 {[%clk 0:12:16]} 30. fxe5 {[%clk 0:10:04]} Ne6
{[%clk 0:11:29]} 31. Rc4 {[%clk 0:10:24]} Rad8 {[%clk 0:11:24]} 32. Rg4
{[%clk 0:10:47]} Qxd3 {[%clk 0:11:25]} 0-1

[Event "Portugal Open 2018"]
[Site "Lisboa POR"]
[Date "2018.02.08"]
[Round "7.22"]
[White "Olcum, Ahmet"]
[Black "Venkatesh, M.R."]
[Result "0-1"]
[BlackElo "2445"]
[WhiteElo "2267"]
[LiveChessVersion "1.4.8"]

1. d4 g6 {[%clk 1:29:21]} 2. Nf3 {[%clk 1:25:30]} Bg7 {[%clk 1:29:43]} 3. Bf4
{[%clk 1:25:53]} d6 {[%clk 1:30:02]} 4. Nc3 {[%clk 1:25:02]} Nd7 {[%clk 1:26:50]}
5. Qd2 {[%clk 1:22:25]} a6 {[%clk 1:27:00]} 6. e4 {[%clk 1:17:17]} b5
{[%clk 1:16:10]} 7. e5 {[%clk 1:04:56]} Bb7 {[%clk 1:15:44]} 8. Qe3
{[%clk 0:59:35]} Nb6 {[%clk 1:00:56]} 9. e6 {[%clk 0:48:12]} f6 {[%clk 1:01:17]}
10. a3 {[%clk 0:41:56]} Qc8 {[%clk 0:59:35]} 11. O-O-O {[%clk 0:37:18]} f5
{[%clk 0:46:13]} 12. Re1 {[%clk 0:14:11]} Nf6 {[%clk 0:46:19]} 13. Ng5
{[%clk 0:09:45]} O-O {[%clk 0:38:54]} 14. Nf7 {[%clk 0:05:30]} c5
{[%clk 0:33:34]} 15. dxc5 {[%clk 0:02:23]} Ng4 {[%clk 0:33:45]} 16. Qd2
{[%clk 0:01:18]} Qxc5 {[%clk 0:34:05]} 17. f3 {[%clk 0:00:55]} Ne5
{[%clk 0:31:42]} 18. Bxe5 {[%clk 0:00:37]} dxe5 {[%clk 0:32:04]} 19. Nh6+
{[%clk 0:00:55]} Bxh6 {[%clk 0:22:58]} 20. Qxh6 {[%clk 0:01:24]} b4
{[%clk 0:23:21]} 21. axb4 {[%clk 0:01:43]} Qxb4 {[%clk 0:23:49]} 22. h4
{[%clk 0:01:01]} Na4 {[%clk 0:24:07]} 23. h5 {[%clk 0:00:36]} Qxb2+
{[%clk 0:24:02]} 24. Kd1 {[%clk 0:00:51]} Rad8+ {[%clk 0:23:29]} 0-1

[Event "Portugal Open 2018"]
[Site "Lisboa POR"]
[Date "2018.02.08"]
[Round "7.23"]
[White "Yuksel, Atilla Koksal"]
[Black "Damaso, Rui"]
[Result "0-1"]
[BlackElo "2445"]
[WhiteElo "2248"]
[LiveChessVersion "1.4.8"]

1. e4 {[%clk 1:29:32]} c5 {[%clk 1:28:27]} 2. Nf3 {[%clk 1:29:27]} Nc6
{[%clk 1:28:14]} 3. d4 {[%clk 1:29:43]} cxd4 {[%clk 1:28:38]} 4. Nxd4
{[%clk 1:30:08]} Nf6 {[%clk 1:27:57]} 5. Nc3 {[%clk 1:30:24]} d6 {[%clk 1:28:22]}
6. Bg5 {[%clk 1:30:21]} Qb6 {[%clk 1:28:22]} 7. Nb3 {[%clk 1:26:36]} e6
{[%clk 1:28:40]} 8. Be2 {[%clk 1:24:14]} Be7 {[%clk 1:20:23]} 9. O-O
{[%clk 1:22:15]} O-O {[%clk 1:15:58]} 10. Be3 {[%clk 1:16:58]} Qc7
{[%clk 1:15:47]} 11. f4 {[%clk 1:17:02]} a6 {[%clk 1:15:48]} 12. a4
{[%clk 1:10:26]} b6 {[%clk 1:15:34]} 13. Bf3 {[%clk 1:08:25]} Rb8
{[%clk 1:12:29]} 14. Qd2 {[%clk 1:03:57]} Bb7 {[%clk 1:08:49]} 15. Qf2
{[%clk 0:59:19]} Nd7 {[%clk 0:59:46]} 16. Rad1 {[%clk 0:55:03]} Ba8
{[%clk 0:44:58]} 17. Qg3 {[%clk 0:45:16]} Bf6 {[%clk 0:41:05]} 18. e5
{[%clk 0:38:59]} dxe5 {[%clk 0:35:46]} 19. Ne4 {[%clk 0:39:20]} Be7
{[%clk 0:25:40]} 20. fxe5 {[%clk 0:34:41]} Rbd8 {[%clk 0:25:31]} 21. Rxd7
{[%clk 0:22:32]} Rxd7 {[%clk 0:25:20]} 22. Bf4 {[%clk 0:22:58]} Kh8
{[%clk 0:21:36]} 23. Nf6 {[%clk 0:21:33]} Nd4 {[%clk 0:18:55]} 24. Nxd7
{[%clk 0:05:07]} Nxf3+ {[%clk 0:19:02]} 25. gxf3 {[%clk 0:05:17]} Qxd7
{[%clk 0:19:27]} 26. Be3 {[%clk 0:05:01]} f6 {[%clk 0:16:27]} 27. Bd4
{[%clk 0:03:52]} Qxa4 {[%clk 0:15:34]} 28. exf6 {[%clk 0:03:29]} gxf6
{[%clk 0:15:49]} 29. Qc7 {[%clk 0:03:30]} Qe8 {[%clk 0:09:53]} 30. Kf2
{[%clk 0:02:44]} Bd8 {[%clk 0:08:23]} 31. Qd6 {[%clk 0:02:33]} e5
{[%clk 0:08:31]} 32. Be3 {[%clk 0:00:42]} Be7 {[%clk 0:07:57]} 33. Qxb6
{[%clk 0:01:00]} Qh5 {[%clk 0:07:29]} 34. Ke2 {[%clk 0:01:17]} Qf5
{[%clk 0:05:46]} 35. Qc7 {[%clk 0:01:07]} Qe6 {[%clk 0:06:09]} 36. Qc3
{[%clk 0:00:43]} Rc8 {[%clk 0:06:10]} 37. Nc5 {[%clk 0:00:45]} Qd5
{[%clk 0:06:07]} 38. b4 {[%clk 0:00:51]} a5 {[%clk 0:06:28]} 39. Qb3
{[%clk 0:00:35]} axb4 {[%clk 0:06:25]} 40. Nd3 {[%clk 0:00:39]} Qd7
{[%clk 0:04:53]} 41. Qf7 {[%clk 0:00:31]} Bd5 {[%clk 0:04:42]} 42. Qh5
{[%clk 0:00:47]} Rxc2+ {[%clk 0:04:58]} 43. Bd2 {[%clk 0:01:16]} Bc4
{[%clk 0:05:13]} 0-1

[Event "Portugal Open 2018"]
[Site "Lisboa POR"]
[Date "2018.02.08"]
[Round "7.24"]
[White "Fernandes, Antonio"]
[Black "Santos, Antonio Pereira"]
[Result "1-0"]
[BlackElo "2228"]
[WhiteElo "2443"]
[LiveChessVersion "1.4.8"]

1. Nf3 {[%clk 1:04:34]} d5 {[%clk 1:30:26]} 2. d4 {[%clk 1:04:15]} Nf6
{[%clk 1:30:46]} 3. c4 {[%clk 1:03:34]} dxc4 {[%clk 1:29:36]} 4. Qa4+
{[%clk 1:02:11]} c6 {[%clk 1:24:54]} 5. Qxc4 {[%clk 1:00:01]} g6 {[%clk 1:24:52]}
6. Bf4 {[%clk 0:58:07]} Bg7 {[%clk 1:24:47]} 7. Nbd2 {[%clk 0:57:56]} O-O
{[%clk 1:24:30]} 8. e4 {[%clk 0:44:12]} Nbd7 {[%clk 0:51:41]} 9. Be2
{[%clk 0:31:49]} Nb6 {[%clk 0:46:08]} 10. Qc2 {[%clk 0:31:50]} Nh5
{[%clk 0:45:54]} 11. Be3 {[%clk 0:21:41]} Qc7 {[%clk 0:37:47]} 12. g3
{[%clk 0:20:51]} f5 {[%clk 0:37:06]} 13. Qb3+ {[%clk 0:19:45]} Kh8
{[%clk 0:27:54]} 14. Ng5 {[%clk 0:19:17]} e5 {[%clk 0:22:15]} 15. dxe5
{[%clk 0:18:30]} f4 {[%clk 0:21:17]} 16. Bc5 {[%clk 0:17:25]} Be6 1-0

[Event "Portugal Open 2018"]
[Site "Lisboa POR"]
[Date "2018.02.08"]
[Round "7.25"]
[White "Radovanovic, Mihajlo"]
[Black "Ranaldi, Lucas"]
[Result "1/2-1/2"]
[BlackElo "2213"]
[WhiteElo "2422"]
[LiveChessVersion "1.4.8"]

1. d4 {[%clk 1:30:54]} Nf6 {[%clk 1:29:51]} 2. Nf3 {[%clk 1:31:16]} e6
{[%clk 1:30:16]} 3. Bf4 {[%clk 1:28:44]} b6 {[%clk 1:27:52]} 4. e3
{[%clk 1:28:48]} Bb7 {[%clk 1:28:04]} 5. Nbd2 {[%clk 1:28:30]} Be7
{[%clk 1:27:30]} 6. h3 {[%clk 1:28:26]} O-O {[%clk 1:27:26]} 7. Bd3
{[%clk 1:28:32]} c5 {[%clk 1:27:09]} 8. c3 {[%clk 1:27:29]} d6 {[%clk 1:25:53]}
9. Qe2 {[%clk 1:25:26]} cxd4 {[%clk 1:26:00]} 10. exd4 {[%clk 1:25:21]} Nbd7
{[%clk 1:25:46]} 11. O-O {[%clk 1:25:42]} a6 {[%clk 1:20:27]} 12. a4
{[%clk 1:24:54]} Re8 {[%clk 1:17:01]} 13. Rfe1 {[%clk 1:22:07]} Bf8
{[%clk 1:16:42]} 14. Qf1 {[%clk 1:18:58]} Ra7 {[%clk 1:09:58]} 15. Bh2
{[%clk 1:14:05]} Qa8 {[%clk 1:08:51]} 16. Re3 {[%clk 1:12:03]} Nd5
{[%clk 0:46:42]} 17. Re2 {[%clk 1:07:07]} N5f6 {[%clk 0:39:01]} 18. Ng5
{[%clk 0:47:34]} Rc8 {[%clk 0:28:06]} 19. Qb1 {[%clk 0:31:23]} g6
{[%clk 0:27:26]} 20. f3 {[%clk 0:31:47]} Bc6 {[%clk 0:25:21]} 21. Nc4
{[%clk 0:25:27]} Qb8 {[%clk 0:23:20]} 22. Ne4 {[%clk 0:24:52]} Ne8
{[%clk 0:22:31]} 23. h4 {[%clk 0:24:32]} b5 {[%clk 0:21:54]} 24. axb5
{[%clk 0:23:35]} axb5 {[%clk 0:22:23]} 25. Na5 {[%clk 0:22:53]} Qb6
{[%clk 0:17:19]} 26. Nxc6 {[%clk 0:23:10]} Rxa1 {[%clk 0:17:46]} 27. Qxa1
{[%clk 0:23:35]} Qxc6 {[%clk 0:18:04]} 28. b4 {[%clk 0:18:02]} Ndf6
{[%clk 0:17:35]} 29. Rc2 {[%clk 0:14:06]} Nd5 {[%clk 0:14:29]} 1/2-1/2